000
00266nam a2200109Ia 4500
008
240625s9999 xx 000 0 und d
041
_a
eng
082
_a
658 FIT
100
_a
FITZSIMMONS JAMES A
245
_a
SERVICE MANAGEMENT OPERATIONS STRATEGY I
260
_c
2014
999
_c
39730
_d
39730